[Event "GER-ch Youth U18 2020"]
[Site "Willingen"]
[Date "2020.10.21"]
[Round "2.7"]
[White "Stelmaszyk, Nico"]
[Black "Schmider, Niklas"]
[Result "0-1"]
[WhiteElo "2301"]
[BlackElo "2291"]
[Annotator "TA"]
[PlyCount "60"]
[EventDate "2020.10.20"]
[EventType "swiss"]
[EventRounds "7"]
[EventCountry "GER"]
[SourceTitle "playchess.com"]
[Source "ChessBase"]
[SourceQuality "1"]

{[%evp 9,59,16,15,20,21,28,17,21,0,7,18,0,12,0,-5,-15,0,0,0,-77,-70,-63,-70,-70,-73,-68,-68,-150,-144,-131,-141,-145,-146,-112,-108,-149,-125,-143,-54,-203,-166,-207,-203,-583,-583,-2358,-1337,-1304,-1252,-5399,-5223,-29999]} 1. e4 c5 2. Nf3 d6 3. Bb5+ Nd7 4. c4 Ngf6 5. Nc3 e6 6. d4 {B51: Sicilian: Moscow Variation (3 Bb5+) without 3...Bd7.} cxd4 7. Nxd4 a6 8. Ba4 {The position is equal.} Be7 9. O-O Qc7 10. Qe2 O-O 11. Be3 Ne5 {[%cal Bd7e5,Be5g4,Bg4e3][%mdl 32]} 12. Bb3 Bd7 {[#]} 13. f4 $146 ({Predecessor:} 13. Rac1 Rac8 14. f3 Qb8 15. Rfd1 Bd8 16. Kh1 Bc7 17. Bg1 Kh8 18. Be3 Rg8 19. Qf2 {1-0 (30) Leisch,L (2164)-Peyrer,K (1857) St Veit 2016}) 13... Neg4 14. h3 (14. Kh1 $11 {keeps the balance.}) 14... Nxe3 $17 15. Qxe3 e5 $1 {[%cal Re5d4]} 16. Nf5 Bxf5 $1 17. exf5 {[#]} d5 $1 {[%mdl 512] ...Bc5 is the strong threat.} 18. Qxe5 ({White should try} 18. Kh1 $15) (18. Nxd5 Nxd5) 18... Bd6 $1 {[%cal Rd6e5]} 19. Qe2 Rfe8 $36 {[%mdl 2048] Keeping White busy.} 20. Qd3 Re3 $1 {[%cal Re3d3]} (20... Bxf4 21. Nxd5 Nxd5 22. cxd5 $11) 21. Qd2 (21. Qxe3 $2 {too greedy.} Bc5 $19) 21... d4 22. Nd5 Nxd5 23. cxd5 {[#]} Rae8 (23... Qe7 $1 $17 24. Rad1 Re8) 24. Kh1 {[#] This costs White the game.} ({White should play} 24. Rac1 $1 $15 Qb6 25. Rc4) 24... d3 $1 $19 ({Not} 24... Bxf4 25. Qxd4 Bd6 26. Rac1 $11) 25. Rae1 Bxf4 {Threatens to win with ...Re2.} 26. Qf2 $2 (26. g3 Bg5 27. Qf2) 26... Re2 {aiming for ...Bg3!} 27. Rxe2 dxe2 28. Re1 {[#]} Bg3 $1 {[%mdl 576] Skewer} 29. Rxe2 Qc1+ 30. Qf1 Qxf1# {Av CentiPawn Loss W=-148/B=-95. Weighted=-96/-51} 0-1

[Event "GER-ch Youth U18 2020"]
[Site "Willingen"]
[Date "2020.10.21"]
[Round "2.8"]
[White "Wong, Gengchun"]
[Black "Gutkin, Ilya"]
[Result "0-1"]
[WhiteElo "2120"]
[BlackElo "2203"]
[Annotator "TA"]
[PlyCount "166"]
[EventDate "2020.10.20"]
[EventType "swiss"]
[EventRounds "7"]
[EventCountry "GER"]
[SourceTitle "playchess.com"]
[Source "ChessBase"]
[SourceQuality "1"]

{[%evp 17,166,4,11,0,45,41,30,31,39,22,53,3,17,13,31,17,26,37,38,27,23,41,25,25,27,0,0,-37,-31,-28,-27,-36,-47,-118,-110,-115,-118,-118,-114,-106,-78,-108,-99,-101,-94,-104,-84,-162,-99,-106,-105,-123,-112,-127,-107,-127,0,-114,-95,-97,-95,-94,-93,-126,-116,-127,-126,-120,-113,-123,-111,-150,-129,-148,-142,-154,-156,-204,-202,-184,0,-153,-168,-158,-73,-180,-177,-170,-171,-335,-293,-327,-297,-294,0,0,0,-345,-335,-352,-326,-497,-483,-433,-289,-1059,-1102,-1185,-1114,-1143,-1135,-894,-727,-711,-706,-721,-657,-624,-601,-683,-653,-4331,-652,-1620,-1594,-29959,-29961,-29965,-29967,-29967,-29967,-29967,-29969,-29963,-6191,-29970,-29969,-29969,-29968,-29970,-29970,-29970,-29972,-29972,-29973,-29973,-29975,-29978,-29979,-29979,-29980]} 1. d4 e6 2. e4 d5 3. Nd2 c5 4. exd5 exd5 5. Ngf3 a6 6. Be2 Nf6 7. O-O Bd6 8. dxc5 Bxc5 9. Nb3 Bb6 $1 {9...Bb6 is better than 9...Ba7.} 10. c4 {[#] C08: French Tarrasch: 3...c5 4 exd5 exd5 sidelines.} Be6 $146 ({Predecessor:} 10... O-O 11. c5 Bc7 12. Bg5 Nc6 13. Re1 Re8 14. Qd2 h6 15. Bh4 Re4 16. Bd3 Bf4 17. Qc3 Rxe1+ 18. Rxe1 {½-½ (33) Balogh,C (2567)-Tkachiev,V (2629) Austria 2005}) 11. c5 Bc7 12. Bg5 {White has an edge.} O-O 13. Nbd4 Nc6 14. Rc1 h6 15. Bh4 Bf4 16. Rb1 g5 17. Bg3 Bxg3 18. hxg3 Ne4 19. Nxc6 bxc6 20. Qd4 a5 21. Rbc1 Rb8 {[%cal Ba8b8,Bb8b4,Bb4e4,Be4e6][%mdl 32]} 22. Bd3 Rb4 23. Qe5 Bg4 24. Bxe4 {Black must now prevent Bc2.} Rxe4 25. Qd6 (25. Qc3 $1 $15) 25... Bxf3 $1 $17 26. gxf3 Re6 $36 {[%mdl 2048] Keeping White busy.} 27. Qxd8 Rxd8 {[%mdl 4096] Endgame KRR-KRR} 28. Rc2 Rb8 29. Rd1 Rb4 30. Kf1 Kg7 31. Rd3 h5 32. Ra3 (32. a3 $17 Rb5 33. Rd4) 32... Rb5 (32... Rd4 $1 $19 {[%cal Rd4d1] And now ...Rd1+ would win.} 33. Kg2 Rd1) 33. Ra4 Re8 34. Rd4 Kf6 35. Rd3 Kf5 36. Rd4 Kf6 37. Rd3 $1 h4 38. Kg2 hxg3 39. fxg3 Re1 40. Kf2 Rh1 {Threatens to win with ...Rh2+.} 41. Kg2 Rb1 42. Rdd2 Rb4 43. Kf2 a4 44. Kg2 Ra1 45. a3 Rb3 46. Rd4 Ra2 47. Rdd2 Ke5 48. Re2+ Kf6 49. Red2 $1 Kf5 50. Kf2 Kg6 (50... Ke5 $142 $1 {Strongly threatening ...d4.} 51. Re2+ Kd4 52. Red2+ Rd3) 51. Kg2 (51. g4 $17 {was called for.}) 51... f5 $1 $19 52. Kf2 Kf6 53. Kg2 $2 (53. f4) 53... Ke5 54. Re2+ {[#]} Kd4 $1 55. Red2+ Ke5 56. Re2+ Kf6 57. Red2 $1 {[#] Black keeps a firm grip on the game.} f4 $1 58. gxf4 gxf4 59. Kf2 (59. Re2 {is a better defense.}) 59... Kf5 60. Kg2 Re3 61. Rf2 $2 (61. Kf2) 61... Ra1 62. Rfd2 Ke5 63. Kf2 Rae1 64. Kg2 Rb3 65. Rf2 Rd3 66. Kh2 Rdd1 67. Rfe2+ Kd4 68. Rxe1 Rxe1 {KR-KR} 69. Kh3 Rg1 (69... Ke3 $142 70. Kg4 d4) 70. Rc3 Rb1 71. Rc2 Ke3 72. Kg4 d4 73. Rc4 Rg1+ 74. Kf5 d3 75. Re4+ Kxf3 {( -> ...Rg5+!)} 76. Rxf4+ Ke3 {Black mates.} 77. Re4+ Kf2 78. Rf4+ Ke2 79. Re4+ Kd1 80. Rxa4 Kc2 81. Rd4 d2 82. b4 d1=Q 83. Rxd1 Rxd1 {Av CentiPawn Loss W=-90/B=-36. Weighted=-81/-28} 0-1

[Event "GER-ch Youth U18 2020"]
[Site "Willingen"]
[Date "2020.10.21"]
[Round "2.9"]
[White "Huber, Benedikt"]
[Black "Matthes, Aaron"]
[Result "1-0"]
[WhiteElo "2191"]
[BlackElo "2198"]
[Annotator "TA"]
[PlyCount "53"]
[EventDate "2020.10.20"]
[EventType "swiss"]
[EventRounds "7"]
[EventCountry "GER"]
[SourceTitle "playchess.com"]
[Source "ChessBase"]
[SourceQuality "1"]

{[%evp 9,52,-6,-6,-6,-6,-12,0,0,0,-18,-4,-60,-68,-91,-7,-5,-3,-13,0,0,272,282,281,279,450,456,425,422,513,496,703,702,1236,1218,29992,29993,29993,29994,29994,29995,29995,29996,29996,29997,29999]} 1. d4 Nf6 2. c4 e6 3. Nc3 Bb4 4. f3 c5 5. d5 b5 6. e4 {E20: Nimzo-Indian: 4 g3 and 4 f3.} O-O {6...d6 gains popularity.} 7. Bg5 h6 8. Bh4 {The position is equal.} d6 9. Bd3 Nbd7 10. Nge2 (10. dxe6 $11 fxe6 11. cxb5) 10... bxc4 $1 $15 11. Bxc4 {[#]} Nb6 $146 (11... Ne5 $17 12. Bb3 Ba6) ({Predecessor:} 11... Ne5 12. Bb3 c4 13. Bc2 Bc5 14. Qd2 Rb8 15. Rb1 Nxe4 16. Qf4 g5 17. Nxe4 gxf4 18. Bxd8 {0-1 (43) Kaforos,D (1974)-Pavlidis,A (2174) Chalkidiki 2007}) 12. Bb5 $1 $11 exd5 13. exd5 Bb7 {[%cal Rb6d5]} 14. O-O Nbxd5 $2 {[%mdl 8192] [#]} (14... g5 $11 {and Black stays safe.} 15. Bg3 Nfxd5 16. Nxd5 Nxd5) 15. Nxd5 $18 Bxd5 16. Bxf6 $1 Qb6 $2 (16... Qxf6 17. Qxd5 Qxb2) 17. Qxd5 Qxb5 18. Nc3 Qa5 19. a3 gxf6 (19... Bxc3 $142 20. Bxc3 Qc7) 20. axb4 Qxb4 21. Ra4 Qxb2 22. Rg4+ {White mates.} Kh8 {[#]} 23. Qh5 $1 {[%cal Rh5h6]} Qd2 24. f4 {[%cal Rh5h6]} Qd4+ 25. Kh1 {[%cal Rh5h6]} Kh7 26. Rh4 Rg8 27. Qxh6# {Av CentiPawn Loss W=119/B=-112. Weighted=46/-100} 1-0

[Event "GER-ch Youth U18 2020"]
[Site "Willingen"]
[Date "2020.10.21"]
[Round "2.10"]
[White "Wensing, Maximilian"]
[Black "Lesny, Florian"]
[Result "1/2-1/2"]
[WhiteElo "2039"]
[BlackElo "2178"]
[Annotator "TA"]
[PlyCount "61"]
[EventDate "2020.10.20"]
[EventType "swiss"]
[EventRounds "7"]
[EventCountry "GER"]
[SourceTitle "playchess.com"]
[Source "ChessBase"]
[SourceQuality "1"]

{[%evp 24,61,28,0,35,7,5,5,6,0,0,0,0,0,0,0,0,-10,-10,-16,-6,-6,-6,-6,0,-5,-2,0,0,-4,0,0,0,0,0,-6,0,-5,0,0]} 1. c4 e6 2. g3 d5 3. Bg2 Nf6 4. Nf3 Be7 5. O-O O-O 6. b3 c5 7. cxd5 Nxd5 8. Bb2 Nc6 9. d4 cxd4 10. Nxd4 Bd7 11. Nc3 Nxc3 12. Bxc3 Rc8 13. Rc1 Nxd4 {A14: English Opening: 1...e6 with b3 by White.} (13... Ba3 $5 {[%cal Ra3c1]} 14. Rc2 Qe7 $11) 14. Bxd4 (14. Qxd4 {is more complex.} Bf6 15. Qb4 Rxc3 16. Rxc3 Bxc3 17. Qxc3 Qb6 18. Qe3) 14... b6 {[#] The position is equal.} 15. Rxc8 $146 ({Predecessor:} 15. Qd2 Rxc1 16. Rxc1 Bb5 17. Qc3 f6 18. Bf3 Ba3 19. Rc2 Qd6 20. Be3 Bb4 21. Qc7 Qxc7 22. Rxc7 {½-½ (43) So,W (2788)-Dominguez Perez,L (2739) Saint Louis 2017}) 15... Bxc8 16. Qa1 f6 17. Rd1 Qc7 18. Qc1 Qxc1 19. Rxc1 Rd8 20. Bf3 e5 21. Be3 Bh3 22. Be4 Ba3 23. Rb1 Be6 24. f3 Kf7 25. h4 g6 26. Kf2 f5 27. Bd3 Rc8 28. Rh1 h5 29. Rd1 Be7 30. Rc1 Rxc1 31. Bxc1 {An uneventful encounter. Av CentiPawn Loss W=-4/B=-3. Weighted=-4/-3} 1/2-1/2

[Event "GER-ch Youth U18 2020"]
[Site "Willingen"]
[Date "2020.10.21"]
[Round "2.11"]
[White "Lange, Jannis"]
[Black "Junker, Magnus"]
[Result "1-0"]
[WhiteElo "2126"]
[BlackElo "2093"]
[Annotator "TA"]
[PlyCount "95"]
[EventDate "2020.10.20"]
[EventType "swiss"]
[EventRounds "7"]
[EventCountry "GER"]
[SourceTitle "playchess.com"]
[Source "ChessBase"]
[SourceQuality "1"]

{[%evp 12,95,12,9,44,20,23,5,50,54,56,59,91,71,83,81,89,68,64,43,98,92,100,83,101,94,106,92,107,107,113,114,117,88,102,79,140,149,337,332,361,341,357,362,332,350,403,409,376,320,256,235,228,216,226,155,341,339,476,443,459,394,717,690,29945,11624,12844,5202,1535,862,29960,29961,29962,29962,29962,29963,29963,29960,29964,29965,29963,29964,29969,29970,6510,6490]} 1. e4 c5 2. Nf3 d6 3. Bb5+ Nd7 4. d4 cxd4 5. Qxd4 a6 6. Bxd7+ Bxd7 7. Nc3 Nf6 {B51: Sicilian: Moscow Variation (3 Bb5+) without 3...Bd7.} 8. O-O e5 9. Qd3 Be7 {The position is equal.} 10. Bg5 Bc6 11. Rfd1 Qb6 12. Bxf6 Bxf6 {[#]} 13. Nd2 $146 ({Predecessor:} 13. Qxd6 Qxb2 14. Qc5 Be7 15. Qxe5 O-O 16. Rab1 Qa3 17. Rb3 Qc5 18. Qxc5 Bxc5 19. Nd5 {½-½ (28) Monjac,M (2137)-Turk,K (2139) Sv Filip i Jakov 2014}) 13... O-O 14. Nc4 {[%mdl 64] Double Attack} Qc5 15. Ne3 Rad8 (15... Bg5 $14) 16. Ncd5 Bg5 17. b4 Qa7 18. a4 Bxe3 19. Nxe3 Qb6 20. c3 Qc7 21. c4 $36 {[%mdl 2048] White is really pushing.} b6 22. Rd2 g6 23. f3 Ba8 ({Better is} 23... a5) 24. Rad1 Qc6 $2 (24... Kg7 $16 {keeps fighting.} 25. Qa3 Rd7) 25. Qa3 $18 f5 26. b5 axb5 27. axb5 (27. cxb5 Qc7 $18) 27... Qc7 28. exf5 (28. Rxd6 fxe4 29. Ng4 exf3 $18) 28... gxf5 29. Rxd6 f4 30. Nf5 Rxd6 31. Qxd6 ({Resist} 31. Rxd6 $6 Qxc4 32. Nh6+ (32. Rxb6 Rxf5 33. Rb8+ {[%mdl 64] Double Attack} Kg7 $16) 32... Kh8 $18) 31... Qxd6 32. Nxd6 {[%mdl 4096] Endgame KRB-KRN} ({Worse is} 32. Rxd6 Rxf5 33. Rxb6 Rf8 $15) 32... Rd8 33. Rd2 Bb7 $2 (33... Kf8 $16 34. Kf2 Rd7) 34. Kf2 Bc8 (34... Kf8 {is a better defense.} 35. Ke1 Bc8) 35. Ne4 Rxd2+ 36. Nxd2 {KB-KN} Be6 $2 {[#]} (36... Kf8 37. Ke2 Ke7) 37. c5 $1 {[%mdl 512]} bxc5 38. b6 (38. Ne4 $142 c4 39. b6 Bc8 40. Nd6 Ba6 41. b7 Bxb7 42. Nxb7 Kf7 43. Nd6+ {[%mdl 64] Double Attack} Ke6 44. Nxc4) 38... Bd5 {[#]} 39. Nb3 $1 {[%mdl 512]} c4 (39... Bxb3 40. b7) 40. Nc5 Kf7 41. b7 Bxb7 42. Nxb7 {KN-KP} Ke6 43. Nc5+ Kd5 44. Ne4 Kd4 45. Ke2 c3 46. h4 h5 47. Nf6 Kc4 48. Kd1 {Black did not feel at home in the position after the opening. Av CentiPawn Loss W=-78/B=560. Weighted=-84/247} 1-0

[Event "GER-ch Youth U18 2020"]
[Site "Willingen"]
[Date "2020.10.21"]
[Round "2.12"]
[White "Papadopoulos, Ioannis"]
[Black "Bosselmann, Tom Linus"]
[Result "1/2-1/2"]
[WhiteElo "2186"]
[BlackElo "2054"]
[Annotator "TA"]
[PlyCount "56"]
[EventDate "2020.10.20"]
[EventType "swiss"]
[EventRounds "7"]
[EventCountry "GER"]
[SourceTitle "playchess.com"]
[Source "ChessBase"]
[SourceQuality "1"]

{[%evp 22,56,72,32,62,50,38,18,10,8,25,0,0,-145,0,-7,-4,-23,-30,-19,-18,-64,-58,-72,-73,-72,-80,-272,-271,-271,-270,-268,-263,-352,-345,-341,-325]} 1. e4 c5 2. Nf3 d6 3. d4 cxd4 4. Nxd4 Nf6 5. Nc3 g6 6. Be3 Bg7 7. f3 O-O 8. Qd2 Nc6 9. Bc4 Bd7 10. O-O-O Rc8 11. Bb3 Ne5 {11...Nxd4 might become the main line.} 12. Kb1 a6 {B78: Sicilian Dragon: Yugoslav Attack, 9 Bc4 Bd7 10 0-0-0 Rc8.} 13. h4 h5 $1 14. Bg5 Nc4 {The position is equal.} 15. Bxc4 Rxc4 {[#]} 16. e5 $146 ({Predecessor:} 16. Nde2 Rc5 17. Bh6 Bxh6 18. Qxh6 Qc7 19. g4 Rc8 20. gxh5 Rxh5 21. Qd2 Rc5 22. h5 g5 23. Nd5 Nxd5 24. Qxg5+ Kh7 25. Rxd5 Rxd5 26. exd5 {0-1 (26) Fusco,L (2383)-Milos,G (2597) Santos 2011}) 16... Nh7 17. Qe2 {[#]} (17. b3 $1 $11 {keeps the balance.} Nxg5 18. bxc4) 17... Rxd4 (17... Rxc3 $1 $17 {[%mdl 512]} 18. bxc3 Nxg5 19. hxg5 Qb6+ 20. Ka1 Qa5) 18. Rxd4 $11 Bxe5 19. Rd3 Nxg5 20. hxg5 Be6 21. Re3 Qa5 {...Bxc3 is the strong threat.} 22. a3 Rc8 {[%cal Re5c3]} 23. Qe1 Rc4 24. Rh4 $2 {Now White is beyond hope.} (24. g3 $17) 24... Bxc3 $1 $19 25. Rxc3 Rxc3 26. Qxc3 Qxg5 {[%mdl 64] [#] Double Attack} 27. Rb4 Qxg2 {( -> ...Qh1+)} 28. b3 Bd5 {[%mdl 32768] Av CentiPawn Loss W=-34/B=-11. Weighted=-45/-19. An unexpected result.} 1/2-1/2

[Event "GER-ch Youth U18 2020"]
[Site "Willingen"]
[Date "2020.10.21"]
[Round "2.13"]
[White "Pahl, Theis"]
[Black "Burian, Simon"]
[Result "1/2-1/2"]
[WhiteElo "2056"]
[BlackElo "2113"]
[Annotator "TA"]
[PlyCount "49"]
[EventDate "2020.10.20"]
[EventType "swiss"]
[EventRounds "7"]
[EventCountry "GER"]
[SourceTitle "playchess.com"]
[Source "ChessBase"]
[SourceQuality "1"]

{[%evp 14,49,-14,-17,8,-12,16,0,64,3,31,-27,-16,-35,27,25,25,17,18,22,51,25,40,50,80,25,16,10,22,13,22,0,0,0,0,0,0,0]} 1. e4 c6 2. d3 d5 3. Nd2 e5 4. Ngf3 Bd6 5. g3 Nf6 6. Bg2 O-O 7. O-O Nbd7 8. Re1 Qc7 {B10: Caro-Kann: 2 d3 and 2 c4.} 9. b3 Re8 10. Bb2 Nf8 (10... h6 $11) 11. d4 ({White should play} 11. exd5 $14 cxd5 12. c4) 11... exd4 12. Nxd4 ({Better is} 12. exd5 $14 Rxe1+ 13. Qxe1) 12... Bg4 $11 13. Qc1 {[#]} a6 $146 (13... dxe4 $15 14. Nxe4 Nxe4 15. Bxe4 Qa5) ({Predecessor:} 13... Bb4 14. c3 Bc5 15. Qc2 Rad8 16. exd5 Nxd5 17. N2f3 Bh5 18. Rad1 a5 19. a3 Qb6 {0-1 (29) Gasik,A (2048)-Lys,J (2353) Trinec 2002}) 14. exd5 Rxe1+ 15. Qxe1 {[%cal Rd5c6]} Re8 16. Qc1 {h3 is the strong threat.} cxd5 17. Nf1 Qc5 18. Ne3 Be5 19. Nxg4 (19. Qd2 $16) 19... Nxg4 20. Qd2 {The position is equal.} Nf6 21. Qd3 h6 22. h3 Ne6 23. Nxe6 Rxe6 24. Bxe5 Rxe5 25. Rd1 {Av CentiPawn Loss W=-16/B=-17. Weighted=-20/-21} 1/2-1/2

[Event "GER-ch Youth U18 2020"]
[Site "Willingen"]
[Date "2020.10.21"]
[Round "3.1"]
[White "Stork, Oliver"]
[Black "Richter, Nils"]
[Result "1/2-1/2"]
[WhiteElo "2371"]
[BlackElo "2290"]
[Annotator "TA"]
[PlyCount "68"]
[EventDate "2020.10.20"]
[EventType "swiss"]
[EventRounds "7"]
[EventCountry "GER"]
[SourceTitle "playchess.com"]
[Source "ChessBase"]
[SourceQuality "1"]

{[%evp 9,68,8,9,11,28,23,16,11,26,20,43,33,33,33,29,31,42,50,52,39,43,32,30,27,23,28,26,21,52,39,55,39,42,41,42,45,36,41,29,0,0,0,38,30,35,0,83,100,88,116,135,116,196,111,146,137,146,0,-5,-4,0]} 1. d4 Nf6 2. Bf4 e6 3. e3 d5 4. Nf3 Bd6 5. Nbd2 O-O 6. Bd3 {D02: 1 d4 d5 2 Nf3 sidelines, including 2...Nf6 3 g3 and 2...Nf6 3 Bf4.} c5 7. dxc5 Bxf4 8. exf4 Qc7 9. g3 Qxc5 10. O-O b6 11. Qe2 a5 12. Nb3 {[#]} Qd6 $146 ({Predecessor:} 12... Qc7 13. Nbd4 Ba6 14. a4 Ne4 15. Ne5 Bxd3 16. cxd3 Nc5 17. Nb5 Qe7 18. d4 Ne4 {1-0 (58) Sardana,R (2461)-Zhukova,N (2328) chess.com INT 2020}) 13. Nbd4 Ba6 14. Bxa6 Nxa6 15. f5 {[%cal Rf5e6]} Nc5 16. Rad1 Rae8 17. fxe6 fxe6 18. c4 Nfe4 19. Nb5 Qd8 20. Nfd4 Qg5 21. f3 Nxg3 22. hxg3 Qxg3+ 23. Qg2 Qf4 $1 24. Qd2 Qg3+ $1 25. Qg2 Qf4 $1 {[#] ...Rf6 is the strong threat.} 26. Nc2 e5 {Hoping for ...Re6.} 27. Qg4 {aiming for Nc7.} (27. Rxd5 Rf6 $17) (27. Nc7 {is interesting.} Rf5 28. Nxe8 Rg5 29. Ne1 Rxg2+ 30. Nxg2 Qf8 31. Nc7) 27... dxc4 (27... Qh6 $1 $11 {remains equal.} 28. Nc7 (28. cxd5 $2 Rf6 $19) (28. Rxd5 $2 Re6 $19) 28... Rf6 29. Nxe8 Rg6 30. Rxd5 Rxg4+ 31. fxg4 Qg6) 28. Qxf4 $16 Rxf4 29. Ne3 $36 {[%mdl 2048] White is in control.} Re6 30. Rd6 Kf7 (30... h5 $16 {is a better defense.}) 31. Kg2 ({White should play} 31. Rxe6 $18 Kxe6 32. Nc7+ Kf7 33. Ncd5 {[%mdl 64] Double Attack}) 31... Nd3 {[#]} 32. b3 $1 Rh4 33. Rh1 $2 ({Of course not} 33. bxc4 $6 Nf4+ 34. Kg1 Nh3+ 35. Kh2 Nf4+ 36. Kg3 Rh3+ 37. Kf2 Rh2+ 38. Kg3 Rh3+ 39. Kf2 Rh2+ 40. Kg3 Rh3+ $11) (33. Nxc4 $16 Nf4+ 34. Kg3 Rh3+ 35. Kg4) 33... Nf4+ $11 34. Kg1 Ne2+ {Av CentiPawn Loss W=-9/B=-13. Weighted=-22/-14} 1/2-1/2

[Event "GER-ch Youth U18 2020"]
[Site "Willingen"]
[Date "2020.10.21"]
[Round "3.2"]
[White "Suvorov, Alexander"]
[Black "Wachinger, Nikolas"]
[Result "1-0"]
[WhiteElo "2313"]
[BlackElo "2334"]
[Annotator "TA"]
[PlyCount "49"]
[EventDate "2020.10.20"]
[EventType "swiss"]
[EventRounds "7"]
[EventCountry "GER"]
[SourceTitle "playchess.com"]
[Source "ChessBase"]
[SourceQuality "1"]

{[%evp 18,49,0,0,0,0,-5,0,0,0,0,0,-5,-12,0,-21,0,0,0,0,123,116,119,128,108,121,735,734,5614,2843,12801,5622,5526,5497]} 1. d4 Nf6 2. c4 e6 3. Nc3 Bb4 4. e3 O-O 5. Bd2 d5 6. Nf3 b6 7. cxd5 exd5 8. Rc1 Bb7 9. Bd3 Nbd7 10. O-O Be7 {is currently scoring better than 10...a6. E52: Nimzo-Indian: Rubinstein: 4...0-0 5 Nf3 d5 6 Bd3 b6.} 11. Ne5 Nxe5 12. dxe5 Nd7 {The position is equal.} 13. f4 Nc5 14. Bb1 d4 15. Nb5 d3 16. Nd4 a5 (16... g6 {feels hotter.} 17. b4 Qd5 18. Rf3 Ne6 19. Nxe6 Qxe6 20. Rf2 Bh4) 17. Qg4 g6 18. f5 {Strongly threatening f6.} Ne4 (18... h5 $11 19. Qh3 Qd5) 19. Bxd3 Nxd2 {[#]} 20. fxg6 $1 {[%mdl 512]} fxg6 {[#]} ({Don't blunder} 20... Nxf1 $2 21. gxf7+ Kh8 22. Ne6 $1 $18 {[%mdl 512]}) ({Avoid the trap} 20... hxg6 $2 21. Bxg6 $1 {[%mdl 512]} Bg5 22. Bd3 $18) 21. Bxg6 $1 $40 {[%mdl 640] [#] White is out for blood.} Rxf1+ $146 {[%mdl 8192] This costs Black the game.} (21... Nxf1 $2 {too greedy.} 22. Bxh7+ $1 {[%mdl 512]} Kxh7 23. Ne6 $1 $18 {[%mdl 512]}) (21... Bc8 $16 22. Nf5 Bxf5 23. Bxf5+ Kh8) (21... hxg6 22. Qxg6+) ({Predecessor:} 21... Kh8 22. Bxh7 Rxf1+ 23. Rxf1 Bg5 24. Nf5 Qd3 25. Re1 Bxe3+ 26. Kh1 Bh6 27. Qg6 Bxg2+ 28. Kxg2 Qd5+ 29. Kh3 Qd3+ 30. Kh4 {1-0 (30) Najer,E (2635)-Anand,V (2765) Douglas 2019}) 22. Rxf1 $18 {White is clearly winning.} Nxf1 {[#]} 23. Ne6 $1 {Threatening mate with Bxh7+!} Qf8 24. Nxf8 Rxf8 25. Qe6+ {[%mdl 64] Double Attack. Av CentiPawn Loss W=-4/B=-115. Weighted=-2/-68} 1-0

[Event "GER-ch Youth U18 2020"]
[Site "Willingen"]
[Date "2020.10.21"]
[Round "3.3"]
[White "Mätzkow, Maximilian Paul"]
[Black "Roseneck, Jonas"]
[Result "1/2-1/2"]
[WhiteElo "2242"]
[BlackElo "2417"]
[Annotator "TA"]
[PlyCount "70"]
[EventDate "2020.10.20"]
[EventType "swiss"]
[EventRounds "7"]
[EventCountry "GER"]
[SourceTitle "playchess.com"]
[Source "ChessBase"]
[SourceQuality "1"]

{[%evp 9,70,0,16,0,16,22,16,24,18,17,34,8,13,-19,-11,-7,0,0,0,-7,0,-2,0,0,-12,-22,-29,-37,-42,-60,0,0,0,0,0,0,0,-32,-31,-32,-30,-43,-41,-47,-36,-43,-39,-89,-35,-22,-24,-29,-27,-22,-32,-92,-25,-17,-4,-4,0,0,0]} 1. e4 c5 2. Nf3 d6 3. Bb5+ Nd7 4. Ba4 Ngf6 5. O-O a6 6. c4 {B51: Sicilian: Moscow Variation (3 Bb5+) without 3...Bd7.} g6 7. Nc3 Bg7 8. d3 O-O 9. h3 Ne8 10. Rb1 Nc7 {[#]} 11. Bd2 $146 ({Predecessor:} 11. Be3 Rb8 12. Bb3 b5 13. a3 Bb7 14. Qc2 Nb6 15. Rfd1 bxc4 16. dxc4 Qc8 17. Nd5 Ncxd5 18. cxd5 {½-½ (46) Davidson,J (2127)-Jenkinson,S (2235) ICCF email 2018}) 11... b5 12. cxb5 Nb6 13. bxa6 Nxa4 14. Qxa4 Bxa6 15. Qc2 d5 16. e5 Qd7 17. Rfe1 Qf5 18. Rbc1 Bxd3 19. Qd1 Be4 (19... Qd7 $15) 20. Nxe4 dxe4 21. Ng5 Qxe5 22. Nxe4 Qxb2 23. Rxc5 Ne6 24. Rc2 Qb7 25. Bc3 Rfd8 26. Qf3 {[#] aiming for Nf6+!} Qc8 $36 {[%mdl 2048] Black has the initiative.} 27. Rec1 {Hoping for Bxg7.} Bxc3 28. Rxc3 Nd4 ({Black should play} 28... Qa6 $17 {...Nd4 is the strong threat.} 29. Nc5 Qxa2 30. Nxe6 Qxe6) 29. Qe3 $15 Qa6 {[#] Threatens to win with ...Ne2+.} 30. Ng3 Qd6 31. Rc7 Ne6 32. Ne4 (32. Ra7 $15) 32... Qb4 ({Better is} 32... Qxc7 $17 33. Rxc7 Nxc7) 33. R7c4 $11 Qb2 {The position is equal.} 34. a4 Ra5 35. Nc5 Nxc5 {Av CentiPawn Loss W=-8/B=-7. Weighted=-8/-11} 1/2-1/2